| 000 | 00799nas a2200253 4500 | ||
|---|---|---|---|
| 001 | BR0804292 | ||
| 003 | BR-BrBNA | ||
| 005 | 20231205111801.0 | ||
| 007 | ta | ||
| 008 | 230509b bl.|||p| |||| 00| 00por d | ||
| 040 |
_aBR-BrBNA _bpor _cBiblioteca Nacional de Agricultura |
||
| 041 | _a(Pt) | ||
| 072 | _aS01 | ||
| 100 | 1 | _aCattapan, M.I.Z. | |
| 100 | 1 | _aRubensam, J.M. | |
| 245 | 1 | _aCaracterísticas físico-químicas e aproveitamento de cortes de carne de ema na fabricação de hamburger e linguiça | |
| 650 | _aEMA | ||
| 650 | _aLINGUIÇA | ||
| 650 | _aCARNE | ||
| 650 | _aPROPRIEDADE FISÍCO-QUÍMICA | ||
| 773 | 0 |
_tA Hora Veterinária (Brazil) _xISSN 0101-9163 _g(Jul-Aug 2004), v. 24(140) p. 22-24 _wBR0804292 |
|
| 909 |
_a202311 _bLúcia _c55 _dLúcia Elande |
||
| 942 |
_2AGRIS _n0 _cANA |
||
| 999 |
_c194465 _d194465 |
||